000 00609cam a2200193ua 4500
001 11511
008 190926n ii |||gr||||Z||||||eng
020 _a9788189487532
040 _cMAIN
082 _a934
100 _a Irfan habib . ,
_eAuthor.
245 _aA people`s history of India :
_bthe Indus civilization : including other copper age cultures and history of language change till c. 1500 BC /
_cBy Irfan habib .
250 _a11th ed /
_bVol. 2.
260 _aNew Delhi:
_bTulika Books,
_c2018.
300 _a111p.
653 _aIndia to 647
653 _aThe Indus civilization
942 _cBK
999 _c10337
_d10337